| 000 | 00636nam a2200205Ia 4500 | ||
|---|---|---|---|
| 005 | 20250508154643.0 | ||
| 008 | 008 250505s9999 xx 000 0 eng d | ||
| 037 | _aBooks to be hide in OPAC | ||
| 040 |
_aFEDL _beng _cFEDL |
||
| 041 |
_aeng _2eng |
||
| 084 |
_a001.4, KUR _qFEDL |
||
| 100 |
_aKurtz Kenneth H _9765791 |
||
| 245 | 0 | _aFoundations of psychological research: Statistics, methodology, and measurement | |
| 260 |
_aBoston, USA _bAllyn and Bacon _c1965 |
||
| 300 | _axi, 402p. | ||
| 365 |
_aUSD _b37.5 |
||
| 650 |
_aPsychological Research _9765587 |
||
| 942 |
_cHB _h001.4, KUR |
||
| 999 |
_c1351418 _d1351418 |
||